Cost of moving rises faster than house prices over the past decade (Record no. 83738)
[ view plain ]
| 000 -LEADER | |
|---|---|
| fixed length control field | 01106cad a22002055a 4500 |
| 001 - CONTROL NUMBER | |
| control field | E154886 |
| 008 - FIXED-LENGTH DATA ELEMENTS--GENERAL INFORMATION | |
| fixed length control field | 120130e20120127xxk 000 0 eng u |
| 035 ## - SYSTEM CONTROL NUMBER | |
| System control number | (Sirsi) u154886 |
| 041 0# - LANGUAGE CODE | |
| Language code of text/sound track or separate title | eng |
| 110 2# - MAIN ENTRY--CORPORATE NAME | |
| Corporate name or jurisdiction name as entry element | Bank of Scotland |
| 9 (RLIN) | 5792 |
| 245 00 - TITLE STATEMENT | |
| Title | Cost of moving rises faster than house prices over the past decade |
| Medium | [electronic resource] |
| 260 ## - PUBLICATION, DISTRIBUTION, ETC. | |
| Date of publication, distribution, etc. | 2012 |
| 490 ## - SERIES STATEMENT | |
| Series statement | Bank of Scotland Press Release |
| Volume/sequential designation | 27 January 2012 |
| 520 ## - SUMMARY, ETC. | |
| Summary, etc. | The cost of moving house in Scotland has risen by 69% over the last ten years, whilst house prices have risen by 64% over the same period. The cost of moving home is now greater than at any time since the house price peak in 2007. Despite the rise, the cost of moving house in Scotland is 22% lower than the UK average (£6 972 in Scotland, compared to £8 922 in the UK). |
| 590 ## - LOCAL NOTE (RLIN) | |
| Local note | KA |
| 651 #4 - SUBJECT ADDED ENTRY--GEOGRAPHIC NAME | |
| Geographic name | Scotland |
| Chronological subdivision | 1999- |
| 690 ## - LOCAL SUBJECT ADDED ENTRY--TOPICAL TERM (OCLC, RLIN) | |
| Topical term or geographic name as entry element | PROPERTY-RESIDENTIAL PROPERTY-RESIDENTIAL PROPERTY MARKET |
| 856 40 - ELECTRONIC LOCATION AND ACCESS | |
| Uniform Resource Identifier | <a href="https://www.lloydsbankinggroup.com/media/pdfs/bos/2012/2701_moving_Scotland.pdf">https://www.lloydsbankinggroup.com/media/pdfs/bos/2012/2701_moving_Scotland.pdf</a> |
| Public note | View the news release free of charge at www.lloydsbankinggroup.com |
| 942 ## - ADDED ENTRY ELEMENTS (KOHA) | |
| Suppress in OPAC | 0 |
| Withdrawn status | Lost status | Source of classification or shelving scheme | Damaged status | Not for loan | Home library | Current library | Shelving location | Date acquired | Total Checkouts | Full call number | Barcode | Date last seen | Copy number | Price effective from | Koha item type |
|---|---|---|---|---|---|---|---|---|---|---|---|---|---|---|---|
| Dewey Decimal Classification | Virtual | Virtual | Online | 30/01/2012 | ONLINE PUBLICATION | 154886-2001 | 06/08/2019 | 1 | 06/08/2019 | Journal article |